100 problems in environmental health; (Record no. 14628)
[ view plain ]
| 000 -LEADER | |
|---|---|
| fixed length control field | 00461cam a22001571 4500 |
| 040 ## - CATALOGING SOURCE | |
| Transcribing agency | CGU |
| 082 0# - DEWEY DECIMAL CLASSIFICATION NUMBER | |
| Classification number | 614 JON 1961 A051 Or. |
| 245 00 - TITLE STATEMENT | |
| Title | 100 problems in environmental health; |
| Remainder of title | a collection of promising research problems. |
| 260 ## - PUBLICATION, DISTRIBUTION, ETC. (IMPRINT) | |
| Place of publication | Washington, |
| Name of publisher | Jones Composition Co., |
| Year of publication | 1961. |
| 300 ## - PHYSICAL DESCRIPTION | |
| Number of Pages | xii, 185 p. |
| Dimensions | 23 cm. |
| 650 #0 - SUBJECT ADDED ENTRY--TOPICAL TERM | |
| Topical Term | Public health. |
| 650 #0 - SUBJECT ADDED ENTRY--TOPICAL TERM | |
| Topical Term | Public health |
| 650 #2 - SUBJECT ADDED ENTRY--TOPICAL TERM | |
| Topical Term | Environmental Health |
| 700 1# - ADDED ENTRY--PERSONAL NAME | |
| Personal name | McKee, Jack Edward. |
| 942 ## - ADDED ENTRY ELEMENTS (KOHA) | |
| Koha item type | សៀវភៅភាសាអង់គ្លេស |
| 952 ## - LOCATION AND ITEM INFORMATION (KOHA) | |
| Withdrawn status [LOCAL, KOHA] | 0 |
| Permanent Location | Date acquired | Koha item type | Lost status | Shelving location | Barcode | Current Location | Full call number |
|---|---|---|---|---|---|---|---|
| Library Block A | 2017-10-20 | សៀវភៅភាសាអង់គ្លេស | A051 | A07783 | Library Block A | 614 JON 1961 A051 Or. |